000 00543nam a2200181Ia 4500
008 151018s9999 xx 000 0 und d
082 _bRBASDV27470
_a891.463
100 _aश्री दा पानवलकर
245 _aसंजारी
250 _b1
260 _bपुणे प्रकाशन
_c1996
300 _a92
600 _aश्री दा पानवलकर
630 _aसंजारी
700 _aश्री दा पानवलकर
730 _aसंजारी
942 _cBOOK
999 _c1027061
_d1027058